Przetłumacz z polskiego na niemiecki sezon 6 część 3 - klikanie - Statystyki

Ogólne statystyki
  • Ten quiz został rozwiązany 4 razy
  • Średni wynik to 28 z 32
Statystyki odpowiedzi
Hint Odpowiedź % Poprawnych
Poza domem Außer Haus
100%
Łazienka das Badezimmer
100%
Kawiarnia das Cafe
100%
Centrum młodzieżowe das Jugendzentrum
100%
Basen das Schwimmbad
100%
Stadion das Stadion
100%
Pokój dzienny das Wohnzimmer
100%
Pokój das Zimmer
100%
Balkon der Balkon
100%
Ogród der Garten
100%
Park der Park
100%
Garaż die Garage
100%
Kuchnia die Küche
100%
Taras die Terrasse
100%
Toaleta die Toilette
100%
W domu Im Haus
100%
Co tam robisz Was machst du dort
100%
Najchętniej am liebsten
75%
Majsterkować basteln
75%
Sklep das Geschäft
75%
Sypialnia das Schlafzimmer
75%
Piwnica der Keller
75%
Ulubione miejsce der Lieblingsplatz
75%
Butik die Boutique
75%
Galeria handlowa die Enkaufsgalerie
75%
Deptak die Fußgängerzone
75%
Zawsze się coś dzieje Er ist immer etwas los
75%
Jeść coś słodkiego etwas Süßes essen
75%
Znaleźć coś wspaniałego etwas Tolles finden
75%
Spotykać przyjaciół Freunde treffen
75%
Chętnie majsterkować gern basteln
75%
Rozmawiać o wszystkim über alles sprechen
50%
Nie znaleziono quizów pasujących do podanych kryteriów
Rozkład punktacji
Procent ludzi z każdym wynikiem
Percentyl według liczby udzielonych odpowiedzi
Twoja historia wyników
Nie rozwiązałeś tego quizu